LDR 01033naa#a2200169#i#450# 001 RU\\bibl\126837 005 20260630235238.2 011 ## _a2782-4926 100 ## _a20260630b2026####ek#y0rusy0150####ca 102 ## _aRU 200 1# _aМНОГОЛИКОСТЬ МАГДАЛИНЫ: АСПЕКТЫ ВИЗУАЛИЗАЦИИ СУЩНОСТИ СВЯТОЙ В ИЗОБРАЗИТЕЛЬНОМ ИСКУССТВЕ _eЖурнальная статья 210 1# _aКрасноярск _cКрасноярская региональная общественная организация Содружество просветителей Красноярья _d2026 215 ## _a10 с. 608 ## _aЖурнальная статья _2local 675 ## _aОбъекты и темы художественного изображения. Иконография. Иконология. Детали и отделка. Украшение. Декор. Орнамент. 7.04 _z 700 #1 _aТарасова _gМария Владимировна 856 4# _asiberianart-journal.ru _u